000 00597cam a2200193 4500500
005 20260405004125.0
041 _afre
042 _adc
100 1 0 _aMoreau, Anne-Sophie
_eauthor
245 0 0 _aL’arbre à abattre
260 _c2024.
500 _a89
690 _aArbre
690 _aChampignon
690 _aDeleuze
690 _aRhizome
786 0 _nPhilosophie magazine - Hors séries | Hors série - Hiver 2024-2025 | HS63 | 2024-12-01 | p. 35-36 | 2104-9246
856 4 1 _uhttps://shs.cairn.info/magazine-philosophie-magazine-2024-hs63-page-35?lang=fr&redirect-ssocas=7080
999 _c2073939
_d2073939